| Поле | Инд. | ПП | Название | Значение |
|---|---|---|---|---|
| Тип записи | a | |||
| Библиографический уровень | b | |||
| 001 | Контрольный номер | RU/IS/BASE/293201346 | ||
| 005 | Дата корректировки | 20240909153019.4 | ||
| 008 | Кодируемые данные | 20090416 | ||
| 040 | b | Код языка каталог. | rus | |
| e | Правила каталог. | PSBO | ||
| 041 | 0_ | a | Код языка текста | rus |
| 084 | a | Индекс другой классификации/Индекс ББК | 60.55; 60.8 | |
| 245 | 11 | a | Заглавие | [Актуальные проблемы управления современными организациями] |
| b | Продолж. заглавия | [подборка статей] | ||
| 500 | a | Примечание | Статьи напечатаны в рубрике "Слово молодым ученым" | |
| 504 | a | Библиография | Библиогр. ссылки. - Примеч. | |
| 505 | a | Форматированное содержание | Нормы и стандарты как основания качественного управления | |
| b | Автор | Бережнов А. С. | ||
| 505 | a | Форматированное содержание | Специфика управления вахтовой организацией труда | |
| b | Автор | Давыдова Н. С. | ||
| 505 | a | Форматированное содержание | Влияние общественных организаций на органы местного самоуправления | |
| b | Автор | Захаров В. А. | ||
| 505 | a | Форматированное содержание | Международная деятельность субъектов Российской Федерации: политикл-правовые аспекты | |
| b | Автор | Искра И. С. | ||
| 505 | a | Форматированное содержание | Теория социальной (корпоративной) ответственности бизнеса и Китай | |
| b | Автор | Лян Канин | ||
| 505 | a | Форматированное содержание | Управленческая структура рекламной организации | |
| b | Автор | Семенихин А. В. | ||
| 505 | a | Форматированное содержание | Гуманитарные принципы управления в современной бизнес-среде | |
| b | Автор | Серикова И. А. | ||
| 505 | a | Форматированное содержание | Управление кросскультурными взаимодействиясм в ТНК | |
| b | Автор | Смагина А. С. | ||
| 505 | a | Форматированное содержание | Пенсионная реформа и управление социальными изменениями | |
| b | Автор | Хорунжая Е. А. | ||
| 505 | a | Форматированное содержание | Корпоративная социальная ответственность и устойчивое развитие организации | |
| b | Автор | Чернова Е. А. | ||
| 520 | a | Аннотация | Публикации некоторых из наиболее интересных выступлений молодых ученых на конференции "Актуальные проблемы управления современными организациями", состоявшейся на социологическом факультете МГУ им.М.В. Ломоносова в феврале 2008 года | |
| 650 | 14 | a | Основная рубрика | социальное управление |
| a | Основная рубрика | социология | ||
| a | Основная рубрика | социология организаций | ||
| 653 | a | Ключевые слова | бизнес-среда | |
| a | Ключевые слова | вахтовый метод работы | ||
| a | Ключевые слова | качество управления | ||
| a | Ключевые слова | Китай | ||
| a | Ключевые слова | корпоративная ответственность | ||
| a | Ключевые слова | корпоративная социальная ответственность | ||
| a | Ключевые слова | кросс-культурное взаимодействие | ||
| a | Ключевые слова | международная деятельность | ||
| a | Ключевые слова | общественные объединения | ||
| a | Ключевые слова | организация труда | ||
| a | Ключевые слова | органы местного самоуправления | ||
| a | Ключевые слова | пенсионная реформа | ||
| a | Ключевые слова | регионы России | ||
| a | Ключевые слова | рекламные компании | ||
| a | Ключевые слова | Россия | ||
| a | Ключевые слова | социальная ответственность бизнеса | ||
| a | Ключевые слова | социальное обеспечение | ||
| a | Ключевые слова | транснациональные корпорации (ТНК) | ||
| a | Ключевые слова | управление | ||
| a | Ключевые слова | устойчивое развитие | ||
| 700 | a | Автор | Бережнов А. С. | |
| q | Полное имя | Бережнов Алексей Сергеевич | ||
| 700 | 1_ | a | Автор | Давыдова Н. С. |
| q | Полное имя | Давыдова Наталья Сергеевна | ||
| 700 | 1_ | a | Автор | Захаров В. А. |
| q | Полное имя | Захаров Владимир Александрович | ||
| 700 | 1_ | a | Автор | Искра И. С. |
| q | Полное имя | Искра Иван Сергеевич | ||
| 700 | 1_ | a | Автор | Семенихин А. В. |
| 700 | 1_ | a | Автор | Лян Канин |
| 700 | 1_ | a | Автор | Серикова И. А. |
| q | Полное имя | Серикова Ирина Александровна | ||
| 700 | 1_ | a | Автор | Смагина А. С. |
| q | Полное имя | Смагина Анна Сергеевна | ||
| 700 | 1_ | a | Автор | Хорунжая Е. А. |
| q | Полное имя | Хорунжая Евгения Алексеевна | ||
| 700 | 1_ | a | Автор | Чернова Е. А. |
| q | Полное имя | Чернова Евгения Анатольевна | ||
| 773 | 08 | t | Заглавие источника | Вестник Московского университета. Серия 18, Социология и политология |
| d | Дата издания источника | 2008 | ||
| g | Прочая информация | № 4. - С. 106 - 127 | ||
| w | Контрольный № источника | RU/IS/BASE/292076337 | ||
| 901 | t | Тип документа | b |